Công trình nền - mặt đường. T.2 /
Thiết kế kết cấu áo đường mềm. Thiết kế kết cấu mặt đường bê tông xi măng. Điều tra và đánh giá tình trạng mặt đường. Xây dựng nền đường. Xây dựng mặt đường.
שמור ב:
| מחבר ראשי: | |
|---|---|
| מחברים אחרים: | |
| פורמט: | ספר |
| שפה: | Vietnamese |
| יצא לאור: |
Hà Nội :
Giao thông vận tải,
1996.
|
| נושאים: | |
| תגים: |
הוספת תג
אין תגיות, היה/י הראשונ/ה לתייג את הרשומה!
|
| Thư viện lưu trữ: | Mạng thư viện Đại học Đà Nẵng |
|---|
| LEADER | 02141cam a2200397 a 4500 | ||
|---|---|---|---|
| 001 | 000043718 | ||
| 003 | 1761 | ||
| 005 | 20230208100823.0 | ||
| 008 | 010217b1996 vm 000 vie | ||
| 040 | |a LRCC |c LRCC |d LRC | ||
| 041 | 0 | |a vie | |
| 082 | 1 | 4 | |a 625.75 |b LU-T |
| 100 | 1 | |a Lục Đỉnh Trung. | |
| 245 | 1 | 0 | |a Công trình nền - mặt đường. |n T.2 / |c Lục Đỉnh Trung, Trình Gia Câu. |
| 264 | 1 | |a Hà Nội : |b Giao thông vận tải, |c 1996. | |
| 300 | |a 228 tr. : |b mh. ; |c 26 cm. | ||
| 520 | 3 | |a Thiết kế kết cấu áo đường mềm. Thiết kế kết cấu mặt đường bê tông xi măng. Điều tra và đánh giá tình trạng mặt đường. Xây dựng nền đường. Xây dựng mặt đường. | |
| 526 | 0 | |a Kỹ thuật xây dựng công trinh giao thông | |
| 630 | 0 | 4 | |a Đường giao thông. |
| 630 | 0 | 4 | |a Xây dựng giao thông. |
| 650 | 0 | 4 | |a Đường giao thông |x Xây dựng. |
| 700 | 1 | |a Trình Gia Câu. | |
| 910 | |a HTTSUONG | ||
| OWN | |a DUT | ||
| AVA | |a UDN50 |b DUT |c Book |d 625.75 LU-T |e available |t Error 5001 Not defined in file expand_doc_bib_avail. |f 4 |g 0 |h N |i 0 |j SH |k 1 | ||
| Z40 | 3 | |y Công trình nền - mặt đường.T.2 |l Library of DUT |t VIEW |x http://catalog.udn.vn:80/F?func=service&doc_library=UDN01&local_base=UDN01&doc_number=000043718&sequence=000001&line_number=0001&func_code=DB_RECORDS&service_type=MEDIA |f 6.Sa.43718.CongtrinhnenmatduongT2_000021219.pdf |e pdf |s 082913402 |k 20230208 |m HTTSUONG | |
| 999 | |a From the UDN01 | ||
| AVA | |a UDN50 |b DUT |c Book |d 625.75 LU-T |e available |t Error 5001 Not defined in file expand_doc_bib_avail. |f 4 |g 0 |h N |i 0 |j SH |k 1 | ||
| TYP | |a Monograph | ||
| TYP | |a Printed language | ||
| 856 | |y Công trình nền - mặt đường.T.2 |l Library of DUT |t VIEW |x http://catalog.udn.vn:80/F?func=service&doc_library=UDN01&local_base=UDN01&doc_number=000043718&sequence=000001&line_number=0001&func_code=DB_RECORDS&service_type=MEDIA |f 6.Sa.43718.CongtrinhnenmatduongT2_000021219.pdf |e pdf |s 082913402 |k 20230208 |m HTTSUONG | ||
| 980 | |a Mạng thư viện Đại học Đà Nẵng | ||